| 000 | 00818nam a2200217Ii 4500 | ||
|---|---|---|---|
| 003 | JO-AjNU | ||
| 008 | 230605s9999||||xx |||||||||||||| ||und|| | ||
| 017 | _a1981/643 | ||
| 040 |
_aJO-AjNU _bara _erda _cJO-AjNU |
||
| 041 | _aara | ||
| 050 | 1 | 4 | _aPJ6071.Q292 1981 |
| 100 | 3 |
_aتاليف القزاز،عبد الجبار جعفر, _eauthor _934493 |
|
| 245 | 0 | 0 | _aالدراسات اللغوية في العراق |
| 264 | 3 | 1 | _aبيروت: دار الطليعة للطباعة والنشر، 1981/دار الرشيد للنشر |
| 300 | _a344ص | ||
| 336 |
_atext _btxt _2rdacontent |
||
| 337 |
_aunmediated _bn _2rdamedia |
||
| 338 |
_avolume _bnc _2rdacarrier |
||
| 490 | 0 | _aسلسلة دراسات 266 | |
| 650 | 4 |
_aاللغة العربية-الدراسات اللغوية في العراق-اللغة _934494 |
|
| 999 |
_aA14149 _c17717 _d17717 |
||